[Event "Najdorf Memorial"]
[Site "Warsaw POL"]
[Date "2021.07.10"]
[Round "1.10"]
[White "Cieslak, Wiktoria"]
[Black "Jarmula, Lukasz"]
[Result "0-1"]
[WhiteElo "1997"]
[BlackElo "2457"]
[EventDate "2021.07.10"]
[PlyCount "66"]
[LiveChessVersion "1.4.8"]

1.e4 {[%clk 1:30:58]} 1...c6 {[%clk 1:30:53]} 2.d4 {[%clk 1:31:22]} 2...d5
{[%clk 1:31:19]} 3.Nc3 {[%clk 1:31:46]} 3...dxe4 {[%clk 1:31:45]} 4.Nxe4 {[%clk
1:32:09]} 4...Nf6 {[%clk 1:32:11]} 5.Nxf6+ {[%clk 1:32:29]} 5...exf6 {[%clk
1:32:35]} 6.c3 {[%clk 1:32:32]} 6...Bd6 {[%clk 1:32:32]} 7.Bc4 {[%clk 1:32:45]}
7...O-O {[%clk 1:30:26]} 8.Ne2 {[%clk 1:33:00]} 8...Qc7 {[%clk 1:26:18]} 9.h3
{[%clk 1:33:15]} 9...Bf5 {[%clk 1:26:12]} 10.O-O {[%clk 1:31:31]} 10...Nd7
{[%clk 1:24:50]} 11.Bd3 {[%clk 1:28:35]} 11...Bg6 {[%clk 1:20:54]} 12.Bxg6
{[%clk 1:28:37]} 12...hxg6 {[%clk 1:21:15]} 13.c4 {[%clk 1:28:30]} 13...Rad8
{[%clk 1:17:13]} 14.Qb3 {[%clk 1:27:50]} 14...c5 {[%clk 1:15:31]} 15.d5 {[%clk
1:26:19]} 15...Rfe8 {[%clk 1:14:39]} 16.Be3 {[%clk 1:26:09]} 16...f5 {[%clk
1:12:47]} 17.f4 {[%clk 1:24:35]} 17...b5 {[%clk 1:07:08]} 18.cxb5 {[%clk
1:21:17]} 18...c4 {[%clk 1:06:39]} 19.Qc3 {[%clk 1:21:26]} 19...Nb6 {[%clk
1:00:44]} 20.Rad1 {[%clk 1:17:07]} 20...Na4 {[%clk 0:48:45]} 21.Qc1 {[%clk
1:15:07]} 21...Bc5 {[%clk 0:38:23]} 22.Nd4 {[%clk 1:13:52]} 22...Nxb2 {[%clk
0:37:11]} 23.Qxb2 {[%clk 1:12:58]} 23...Rxe3 {[%clk 0:37:34]} 24.Kh1 {[%clk
1:08:58]} 24...Rxd5 {[%clk 0:36:39]} 25.Ne2 {[%clk 1:07:02]} 25...Rxd1 {[%clk
0:32:57]} 26.Rxd1 {[%clk 1:07:26]} 26...Qe7 {[%clk 0:33:17]} 27.Nd4 {[%clk
1:06:25]} 27...Re1+ {[%clk 0:32:39]} 28.Rxe1 {[%clk 1:06:48]} 28...Qxe1+ {[%clk
0:33:03]} 29.Kh2 {[%clk 1:07:13]} 29...c3 {[%clk 0:31:48]} 30.Qe2 {[%clk
1:07:34]} 30...Qd2 {[%clk 0:30:40]} 31.Qe8+ {[%clk 1:07:21]} 31...Kh7 {[%clk
0:30:35]} 32.Ne2 {[%clk 1:07:11]} 32...c2 {[%clk 0:30:06]} 33.Qe5 {[%clk
1:07:01]} 33...Be3 {[%clk 0:29:46]} 0-1

[Event "Najdorf Memorial"]
[Site "Warsaw POL"]
[Date "2021.07.10"]
[Round "1.11"]
[White "Pacan-milej, Kosma"]
[Black "Pettersson, Alexander"]
[Result "1-0"]
[WhiteElo "2421"]
[BlackElo "1995"]
[EventDate "2021.07.10"]
[PlyCount "63"]
[LiveChessVersion "1.4.8"]

1.d4 {[%clk 1:30:56]} 1...d5 {[%clk 1:30:44]} 2.c4 {[%clk 1:31:20]} 2...e6
{[%clk 1:31:08]} 3.Nc3 {[%clk 1:31:45]} 3...Nf6 {[%clk 1:31:30]} 4.cxd5 {[%clk
1:32:08]} 4...exd5 {[%clk 1:31:53]} 5.Bg5 {[%clk 1:32:33]} 5...Be7 {[%clk
1:32:18]} 6.e3 {[%clk 1:32:56]} 6...O-O {[%clk 1:32:34]} 7.Bd3 {[%clk 1:33:21]}
7...Nbd7 {[%clk 1:32:32]} 8.Qc2 {[%clk 1:33:16]} 8...c6 {[%clk 1:32:16]} 9.h3
{[%clk 1:33:20]} 9...Re8 {[%clk 1:32:19]} 10.Nf3 {[%clk 1:32:31]} 10...Nf8
{[%clk 1:32:08]} 11.Bf4 {[%clk 1:31:47]} 11...Bd6 {[%clk 1:26:01]} 12.Bxd6
{[%clk 1:30:54]} 12...Qxd6 {[%clk 1:19:08]} 13.O-O {[%clk 1:31:13]} 13...g6
{[%clk 1:00:21]} 14.Rab1 {[%clk 1:25:43]} 14...Ne6 {[%clk 0:56:23]} 15.Rfc1
{[%clk 1:19:14]} 15...Ng7 {[%clk 0:52:02]} 16.b4 {[%clk 1:15:19]} 16...a6
{[%clk 0:50:51]} 17.Na4 {[%clk 1:13:42]} 17...Bf5 {[%clk 0:47:27]} 18.Nc5
{[%clk 1:09:48]} 18...Qc7 {[%clk 0:29:14]} 19.a4 {[%clk 1:09:12]} 19...Bxd3
{[%clk 0:25:56]} 20.Nxd3 {[%clk 1:08:32]} 20...Ne4 {[%clk 0:22:27]} 21.b5
{[%clk 0:57:03]} 21...axb5 {[%clk 0:22:39]} 22.axb5 {[%clk 0:57:29]} 22...Rec8
{[%clk 0:07:14]} 23.bxc6 {[%clk 0:56:20]} 23...bxc6 {[%clk 0:03:55]} 24.Nfe5
{[%clk 0:55:53]} 24...Nf5 {[%clk 0:03:28]} 25.Qxc6 {[%clk 0:54:02]} 25...Qxc6
{[%clk 0:00:51]} 26.Rxc6 {[%clk 0:52:52]} 26...f6 {[%clk 0:00:35]} 27.Rxc8+
{[%clk 0:52:32]} 27...Rxc8 {[%clk 0:01:03]} 28.Nd7 {[%clk 0:52:52]} 28...Rc3
{[%clk 0:00:32]} 29.Nb4 {[%clk 0:50:06]} 29...Ne7 {[%clk 0:00:35]} 30.Nb6
{[%clk 0:48:13]} 30...Nd2 {[%clk 0:00:31]} 31.Rd1 {[%clk 0:48:20]} 31...Nc4
{[%clk 0:00:31]} 32.N6xd5 {[%clk 0:48:33]} 1-0

[Event "Najdorf Memorial"]
[Site "Warsaw POL"]
[Date "2021.07.10"]
[Round "1.12"]
[White "Malaczek, Mateusz"]
[Black "Kosakowski, Jakub"]
[Result "0-1"]
[WhiteElo "1991"]
[BlackElo "2417"]
[EventDate "2021.07.10"]
[PlyCount "46"]
[LiveChessVersion "1.4.8"]

1.c4 {[%clk 1:30:57]} 1...Nf6 {[%clk 1:30:43]} 2.g3 {[%clk 1:31:21]} 2...e6
{[%clk 1:31:01]} 3.Nf3 {[%clk 1:31:12]} 3...d5 {[%clk 1:30:15]} 4.Bg2 {[%clk
1:31:33]} 4...dxc4 {[%clk 1:30:32]} 5.Qa4+ {[%clk 1:31:04]} 5...Nbd7 {[%clk
1:30:50]} 6.O-O {[%clk 1:30:49]} 6...a6 {[%clk 1:31:03]} 7.Qxc4 {[%clk 1:31:08]}
7...b5 {[%clk 1:29:42]} 8.Qc2 {[%clk 1:31:01]} 8...Bb7 {[%clk 1:30:01]} 9.d4
{[%clk 1:24:41]} 9...c5 {[%clk 1:27:30]} 10.dxc5 {[%clk 1:22:57]} 10...Bxc5
{[%clk 1:26:39]} 11.Bg5 {[%clk 1:17:37]} 11...Rc8 {[%clk 1:24:40]} 12.Qd3
{[%clk 1:14:26]} 12...Qb6 {[%clk 1:22:56]} 13.Bxf6 {[%clk 1:12:00]} 13...Nxf6
{[%clk 1:21:54]} 14.Nc3 {[%clk 1:11:42]} 14...O-O {[%clk 1:17:01]} 15.Rad1
{[%clk 1:04:05]} 15...Rfd8 {[%clk 1:11:06]} 16.Qb1 {[%clk 1:02:40]} 16...Rxd1
{[%clk 0:56:49]} 17.Qxd1 {[%clk 1:00:58]} 17...Ng4 {[%clk 0:55:52]} 18.Qe1
{[%clk 0:47:08]} 18...Bxf2+ {[%clk 0:55:25]} 19.Rxf2 {[%clk 0:47:00]} 19...b4
{[%clk 0:55:48]} 20.Nd1 {[%clk 0:37:45]} 20...Rc1 {[%clk 0:56:09]} 21.Qd2
{[%clk 0:37:35]} 21...Rxd1+ {[%clk 0:56:33]} 22.Qxd1 {[%clk 0:37:56]}
22...Qxf2+ {[%clk 0:56:57]} 23.Kh1 {[%clk 0:38:16]} 23...Qxg2+ {[%clk 0:57:22]} 0-1

[Event "Najdorf Memorial"]
[Site "Warsaw POL"]
[Date "2021.07.10"]
[Round "1.13"]
[White "Romanishin, Oleg M"]
[Black "Celinski, Kamil"]
[Result "1-0"]
[WhiteElo "2404"]
[BlackElo "1988"]
[EventDate "2021.07.10"]
[PlyCount "67"]
[LiveChessVersion "1.4.8"]

1.Nf3 {[%clk 1:30:57]} 1...Nf6 {[%clk 1:30:52]} 2.g3 {[%clk 1:31:06]} 2...b5
{[%clk 1:30:44]} 3.Bg2 {[%clk 1:31:28]} 3...Bb7 {[%clk 1:31:10]} 4.O-O {[%clk
1:31:44]} 4...c5 {[%clk 1:31:33]} 5.d3 {[%clk 1:28:57]} 5...d5 {[%clk 1:30:35]}
6.c4 {[%clk 1:27:55]} 6...bxc4 {[%clk 1:28:36]} 7.dxc4 {[%clk 1:28:17]} 7...d4
{[%clk 1:28:43]} 8.e3 {[%clk 1:19:24]} 8...Nc6 {[%clk 1:26:05]} 9.exd4 {[%clk
1:13:14]} 9...Nxd4 {[%clk 1:25:43]} 10.Nxd4 {[%clk 1:10:12]} 10...Bxg2 {[%clk
1:26:09]} 11.Ne6 {[%clk 1:10:26]} 11...fxe6 {[%clk 1:23:18]} 12.Kxg2 {[%clk
1:10:14]} 12...e5 {[%clk 1:21:38]} 13.Nc3 {[%clk 1:05:42]} 13...e6 {[%clk
1:20:05]} 14.Qf3 {[%clk 1:02:06]} 14...Be7 {[%clk 1:16:54]} 15.Qc6+ {[%clk
0:59:27]} 15...Kf7 {[%clk 1:16:25]} 16.Be3 {[%clk 0:55:25]} 16...Rc8 {[%clk
1:16:05]} 17.Qf3 {[%clk 0:53:41]} 17...Rf8 {[%clk 1:15:21]} 18.Rad1 {[%clk
0:50:18]} 18...Qb6 {[%clk 1:14:27]} 19.Rd7 {[%clk 0:46:18]} 19...Rc7 {[%clk
1:13:17]} 20.Na4 {[%clk 0:41:05]} 20...Qc6 {[%clk 1:10:06]} 21.Qxc6 {[%clk
0:41:22]} 21...Rxc6 {[%clk 1:10:33]} 22.Rxa7 {[%clk 0:41:39]} 22...Rfc8 {[%clk
1:10:35]} 23.Rd1 {[%clk 0:39:35]} 23...R6c7 {[%clk 1:09:30]} 24.Rxc7 {[%clk
0:34:01]} 24...Rxc7 {[%clk 1:09:07]} 25.Nc3 {[%clk 0:34:23]} 25...Rc6 {[%clk
1:07:02]} 26.a4 {[%clk 0:33:52]} 26...Ke8 {[%clk 1:03:03]} 27.Nb5 {[%clk
0:33:20]} 27...Bd8 {[%clk 1:02:21]} 28.Nd6+ {[%clk 0:29:54]} 28...Ke7 {[%clk
1:02:13]} 29.Nb7 {[%clk 0:30:16]} 29...Bb6 {[%clk 1:02:31]} 30.a5 {[%clk
0:30:28]} 30...Ba7 {[%clk 1:03:00]} 31.b4 {[%clk 0:30:34]} 31...Nd7 {[%clk
1:01:27]} 32.b5 {[%clk 0:30:45]} 32...Rc7 {[%clk 1:01:41]} 33.Bg5+ {[%clk
0:28:47]} 33...Kf8 {[%clk 1:01:58]} 34.Nd8 {[%clk 0:28:55]} 1-0

[Event "Najdorf Memorial"]
[Site "Warsaw POL"]
[Date "2021.07.10"]
[Round "1.14"]
[White "Jarocka, Liwia"]
[Black "Licznerski, Lukasz"]
[Result "0-1"]
[WhiteElo "1984"]
[BlackElo "2400"]
[EventDate "2021.07.10"]
[PlyCount "96"]
[LiveChessVersion "1.4.8"]

1.e4 {[%clk 1:30:56]} 1...c6 {[%clk 1:30:45]} 2.d4 {[%clk 1:31:14]} 2...d5
{[%clk 1:31:14]} 3.e5 {[%clk 1:31:13]} 3...Bf5 {[%clk 1:31:41]} 4.h4 {[%clk
1:31:13]} 4...h5 {[%clk 1:32:08]} 5.Bd3 {[%clk 1:31:33]} 5...Bxd3 {[%clk
1:32:35]} 6.Qxd3 {[%clk 1:31:57]} 6...Qa5+ {[%clk 1:32:22]} 7.c3 {[%clk
1:31:41]} 7...Qa6 {[%clk 1:27:27]} 8.Qxa6 {[%clk 1:11:26]} 8...Nxa6 {[%clk
1:27:55]} 9.Nf3 {[%clk 1:11:33]} 9...e6 {[%clk 1:28:14]} 10.Nbd2 {[%clk
1:10:12]} 10...c5 {[%clk 1:22:24]} 11.Ke2 {[%clk 1:10:14]} 11...Ne7 {[%clk
1:19:49]} 12.Nb3 {[%clk 1:04:15]} 12...c4 {[%clk 1:18:30]} 13.Nbd2 {[%clk
1:04:40]} 13...Rc8 {[%clk 1:18:10]} 14.Nf1 {[%clk 1:04:12]} 14...f6 {[%clk
1:05:37]} 15.g3 {[%clk 1:02:21]} 15...Ng6 {[%clk 1:03:23]} 16.exf6 {[%clk
0:59:40]} 16...gxf6 {[%clk 1:03:51]} 17.Ne3 {[%clk 0:59:50]} 17...Nb8 {[%clk
0:55:57]} 18.Bd2 {[%clk 0:58:38]} 18...Nc6 {[%clk 0:56:25]} 19.b4 {[%clk
0:56:13]} 19...Bd6 {[%clk 0:55:19]} 20.Ne1 {[%clk 0:39:52]} 20...Nge7 {[%clk
0:40:52]} 21.b5 {[%clk 0:39:38]} 21...Nb8 {[%clk 0:40:11]} 22.N1c2 {[%clk
0:37:44]} 22...Nd7 {[%clk 0:38:59]} 23.a4 {[%clk 0:34:59]} 23...a5 {[%clk
0:31:40]} 24.bxa6 {[%clk 0:22:54]} 24...bxa6 {[%clk 0:32:08]} 25.Rhb1 {[%clk
0:22:53]} 25...Rb8 {[%clk 0:32:37]} 26.Rxb8+ {[%clk 0:22:09]} 26...Nxb8 {[%clk
0:33:05]} 27.Bc1 {[%clk 0:22:22]} 27...Kd7 {[%clk 0:25:31]} 28.Ba3 {[%clk
0:22:40]} 28...Bxa3 {[%clk 0:26:00]} 29.Nxa3 {[%clk 0:22:29]} 29...Nbc6 {[%clk
0:25:50]} 30.Nac2 {[%clk 0:19:00]} 30...Rb8 {[%clk 0:24:30]} 31.f4 {[%clk
0:18:47]} 31...f5 {[%clk 0:23:07]} 32.Nd1 {[%clk 0:12:15]} 32...Nc8 {[%clk
0:21:35]} 33.Nf2 {[%clk 0:09:58]} 33...Nd6 {[%clk 0:21:37]} 34.Kd2 {[%clk
0:09:31]} 34...Na5 {[%clk 0:14:09]} 35.Rf1 {[%clk 0:06:03]} 35...Rb2 {[%clk
0:09:52]} 36.Kc1 {[%clk 0:05:24]} 36...Rb3 {[%clk 0:08:06]} 37.Kd2 {[%clk
0:05:30]} 37...Nc6 {[%clk 0:07:23]} 38.Rc1 {[%clk 0:04:32]} 38...a5 {[%clk
0:07:22]} 39.Ra1 {[%clk 0:04:28]} 39...Ne7 {[%clk 0:07:13]} 40.Ne1 {[%clk
0:33:41]} 40...Rb2+ {[%clk 0:36:26]} 41.Ke3 {[%clk 0:33:57]} 41...Ne4 {[%clk
0:36:17]} 42.Nd1 {[%clk 0:33:28]} 42...Rb3 {[%clk 0:33:58]} 43.Nf3 {[%clk
0:31:21]} 43...Nxc3 {[%clk 0:32:02]} 44.Ne5+ {[%clk 0:31:44]} 44...Kc7 {[%clk
0:32:18]} 45.Nxc3 {[%clk 0:32:00]} 45...Rxc3+ {[%clk 0:32:46]} 46.Kd2 {[%clk
0:31:38]} 46...Rxg3 {[%clk 0:32:59]} 47.Rb1 {[%clk 0:32:01]} 47...Nc6 {[%clk
0:33:07]} 48.Rb5 {[%clk 0:31:06]} 48...Nxd4 {[%clk 0:33:18]} 0-1

[Event "Najdorf Memorial"]
[Site "Warsaw POL"]
[Date "2021.07.10"]
[Round "1.15"]
[White "Cukrowski, Filip"]
[Black "Delega, Tomasz"]
[Result "1-0"]
[WhiteElo "2389"]
[BlackElo "1982"]
[EventDate "2021.07.10"]
[PlyCount "85"]
[LiveChessVersion "1.4.8"]

1.e4 {[%clk 1:30:59]} 1...d6 {[%clk 1:30:11]} 2.d4 {[%clk 1:31:19]} 2...Nf6
{[%clk 1:30:33]} 3.Nc3 {[%clk 1:31:45]} 3...c6 {[%clk 1:30:21]} 4.f4 {[%clk
1:30:06]} 4...Qa5 {[%clk 1:30:39]} 5.e5 {[%clk 1:20:39]} 5...Ne4 {[%clk
1:30:51]} 6.Qf3 {[%clk 1:20:15]} 6...d5 {[%clk 1:05:40]} 7.Bd3 {[%clk 1:19:59]}
7...Bf5 {[%clk 0:57:08]} 8.g4 {[%clk 1:18:14]} 8...Nxc3 {[%clk 0:57:11]} 9.gxf5
{[%clk 1:17:34]} 9...Nb5+ {[%clk 0:45:16]} 10.Bd2 {[%clk 1:17:58]} 10...Qb6
{[%clk 0:45:39]} 11.c3 {[%clk 1:18:20]} 11...Nc7 {[%clk 0:46:00]} 12.Qh5 {[%clk
1:10:05]} 12...Nba6 {[%clk 0:31:32]} 13.Nf3 {[%clk 1:05:02]} 13...c5 {[%clk
0:28:40]} 14.e6 {[%clk 0:25:51]} 14...O-O-O {[%clk 0:26:41]} 15.Qxf7 {[%clk
0:26:18]} 15...c4 {[%clk 0:24:39]} 16.Be2 {[%clk 0:24:16]} 16...g6 {[%clk
0:19:52]} 17.fxg6 {[%clk 0:21:49]} 17...hxg6 {[%clk 0:19:37]} 18.O-O-O {[%clk
0:20:25]} 18...Qxe6 {[%clk 0:18:37]} 19.Ne5 {[%clk 0:20:27]} 19...Rh4 {[%clk
0:07:48]} 20.Bg4 {[%clk 0:19:46]} 20...Rxg4 {[%clk 0:08:04]} 21.Qxe6+ {[%clk
0:20:11]} 21...Nxe6 {[%clk 0:08:20]} 22.Nxg4 {[%clk 0:20:37]} 22...Bg7 {[%clk
0:07:46]} 23.Ne5 {[%clk 0:19:33]} 23...Bxe5 {[%clk 0:07:48]} 24.fxe5 {[%clk
0:19:57]} 24...Nac7 {[%clk 0:07:41]} 25.Rdf1 {[%clk 0:19:13]} 25...Kd7 {[%clk
0:07:05]} 26.Rfg1 {[%clk 0:18:04]} 26...Rg8 {[%clk 0:06:40]} 27.h4 {[%clk
0:18:15]} 27...Rg7 {[%clk 0:05:29]} 28.Bh6 {[%clk 0:17:59]} 28...Rg8 {[%clk
0:04:14]} 29.Rh2 {[%clk 0:18:24]} 29...Ke8 {[%clk 0:03:29]} 30.Rhg2 {[%clk
0:18:42]} 30...Kf7 {[%clk 0:03:40]} 31.h5 {[%clk 0:18:24]} 31...g5 {[%clk
0:04:04]} 32.Bxg5 {[%clk 0:18:49]} 32...Rh8 {[%clk 0:03:08]} 33.Rh2 {[%clk
0:19:08]} 33...Nxg5 {[%clk 0:03:12]} 34.Rxg5 {[%clk 0:19:33]} 34...Rh6 {[%clk
0:02:48]} 35.Rf2+ {[%clk 0:18:16]} 35...Ke8 {[%clk 0:02:52]} 36.Rff5 {[%clk
0:18:30]} 36...Kd7 {[%clk 0:02:37]} 37.Rg6 {[%clk 0:18:47]} 37...Rh7 {[%clk
0:02:49]} 38.e6+ {[%clk 0:18:59]} 38...Kd6 {[%clk 0:02:59]} 39.h6 {[%clk
0:19:20]} 39...Ne8 {[%clk 0:03:01]} 40.Rf7 {[%clk 0:49:24]} 40...Rh8 {[%clk
0:32:59]} 41.h7 {[%clk 0:49:48]} 41...Nf6 {[%clk 0:32:57]} 42.Rgxf6 {[%clk
0:50:15]} 42...exf6 {[%clk 0:33:17]} 43.e7 {[%clk 0:50:41]} 1-0

[Event "Najdorf Memorial"]
[Site "Warsaw POL"]
[Date "2021.07.10"]
[Round "1.16"]
[White "Kaliszuk, Kamil"]
[Black "Lewtak, Damian"]
[Result "0-1"]
[WhiteElo "1981"]
[BlackElo "2380"]
[EventDate "2021.07.10"]
[PlyCount "48"]
[LiveChessVersion "1.4.8"]

1.d4 {[%clk 1:30:55]} 1...d6 {[%clk 1:30:56]} 2.e4 {[%clk 1:30:15]} 2...Nf6
{[%clk 1:31:21]} 3.Nc3 {[%clk 1:30:36]} 3...e5 {[%clk 1:31:47]} 4.Nge2 {[%clk
1:30:50]} 4...Nbd7 {[%clk 1:31:04]} 5.g3 {[%clk 1:28:31]} 5...g6 {[%clk
1:30:55]} 6.Bg2 {[%clk 1:28:40]} 6...Bg7 {[%clk 1:31:19]} 7.O-O {[%clk 1:28:30]}
7...O-O {[%clk 1:31:44]} 8.h3 {[%clk 1:23:48]} 8...a5 {[%clk 1:29:23]} 9.f4
{[%clk 1:13:35]} 9...exd4 {[%clk 1:24:43]} 10.Nxd4 {[%clk 1:12:57]} 10...Re8
{[%clk 1:25:03]} 11.Ndb5 {[%clk 1:05:59]} 11...a4 {[%clk 1:22:21]} 12.a3 {[%clk
0:58:47]} 12...Ra5 {[%clk 1:22:43]} 13.Be3 {[%clk 0:53:27]} 13...Nxe4 {[%clk
1:10:53]} 14.Bxe4 {[%clk 0:48:55]} 14...Nf6 {[%clk 1:11:18]} 15.Bb6 {[%clk
0:38:36]} 15...cxb6 {[%clk 1:10:39]} 16.Nxd6 {[%clk 0:37:04]} 16...Nxe4 {[%clk
1:05:31]} 17.Nxe8 {[%clk 0:30:04]} 17...Qxe8 {[%clk 1:05:47]} 18.Nxe4 {[%clk
0:28:24]} 18...Qxe4 {[%clk 1:06:05]} 19.Qd8+ {[%clk 0:25:21]} 19...Bf8 {[%clk
1:06:30]} 20.Rae1 {[%clk 0:22:06]} 20...Qc6 {[%clk 0:58:32]} 21.Re8 {[%clk
0:22:00]} 21...Qc5+ {[%clk 0:58:53]} 22.Kg2 {[%clk 0:20:41]} 22...Be6 {[%clk
0:58:26]} 23.Re1 {[%clk 0:19:02]} 23...Qxc2+ {[%clk 0:56:24]} 24.Kh1 {[%clk
0:18:59]} 24...Bd5+ {[%clk 0:56:47]} 0-1

[Event "Najdorf Memorial"]
[Site "Warsaw POL"]
[Date "2021.07.10"]
[Round "1.17"]
[White "Godzwon, Iwo"]
[Black "Dalkowski, Rafal"]
[Result "0-1"]
[WhiteElo "2375"]
[BlackElo "1980"]
[EventDate "2021.07.10"]
[PlyCount "82"]
[LiveChessVersion "1.4.8"]

1.e4 {[%clk 1:30:58]} 1...c5 {[%clk 1:30:55]} 2.Nf3 {[%clk 1:29:33]} 2...g6
{[%clk 1:31:04]} 3.d4 {[%clk 1:28:53]} 3...cxd4 {[%clk 1:30:53]} 4.Nxd4 {[%clk
1:29:20]} 4...Nc6 {[%clk 1:31:16]} 5.c4 {[%clk 1:29:46]} 5...Nf6 {[%clk
1:31:32]} 6.Nc3 {[%clk 1:29:29]} 6...Nxd4 {[%clk 1:31:38]} 7.Qxd4 {[%clk
1:29:57]} 7...d6 {[%clk 1:31:51]} 8.Bg5 {[%clk 1:26:52]} 8...Bg7 {[%clk
1:32:03]} 9.Be2 {[%clk 1:27:19]} 9...O-O {[%clk 1:31:32]} 10.Qd2 {[%clk
1:27:40]} 10...Be6 {[%clk 1:30:09]} 11.O-O {[%clk 1:21:59]} 11...Qa5 {[%clk
1:27:45]} 12.Rad1 {[%clk 1:15:30]} 12...Rfc8 {[%clk 1:26:51]} 13.b3 {[%clk
1:13:57]} 13...a6 {[%clk 1:25:29]} 14.f4 {[%clk 0:52:12]} 14...b5 {[%clk
1:20:12]} 15.Bxf6 {[%clk 0:42:08]} 15...exf6 {[%clk 1:05:19]} 16.f5 {[%clk
0:36:19]} 16...b4 {[%clk 0:52:47]} 17.Na4 {[%clk 0:19:38]} 17...Bd7 {[%clk
0:46:11]} 18.Qxd6 {[%clk 0:17:15]} 18...Bxa4 {[%clk 0:45:00]} 19.Rd5 {[%clk
0:17:42]} 19...Bb5 {[%clk 0:37:28]} 20.cxb5 {[%clk 0:18:04]} 20...axb5 {[%clk
0:37:40]} 21.Rxb5 {[%clk 0:15:38]} 21...Qa7+ {[%clk 0:34:59]} 22.Qb6 {[%clk
0:14:31]} 22...Rc2 {[%clk 0:33:39]} 23.Qxa7 {[%clk 0:12:05]} 23...Rxa7 {[%clk
0:34:03]} 24.Bd3 {[%clk 0:12:33]} 24...Rd2 {[%clk 0:31:18]} 25.Bb1 {[%clk
0:13:00]} 25...Bf8 {[%clk 0:29:01]} 26.fxg6 {[%clk 0:12:04]} 26...hxg6 {[%clk
0:29:21]} 27.Rxf6 {[%clk 0:10:28]} 27...Rad7 {[%clk 0:25:43]} 28.Rf1 {[%clk
0:08:20]} 28...Rd1 {[%clk 0:25:36]} 29.e5 {[%clk 0:07:32]} 29...Rxf1+ {[%clk
0:25:27]} 30.Kxf1 {[%clk 0:08:01]} 30...Rd1+ {[%clk 0:25:50]} 31.Ke2 {[%clk
0:08:29]} 31...Rxb1 {[%clk 0:26:12]} 32.Kf3 {[%clk 0:08:58]} 32...Rf1+ {[%clk
0:25:40]} 33.Ke2 {[%clk 0:09:05]} 33...Rc1 {[%clk 0:25:39]} 34.Kf3 {[%clk
0:09:11]} 34...Rc5 {[%clk 0:25:26]} 35.Rxc5 {[%clk 0:08:06]} 35...Bxc5 {[%clk
0:25:50]} 36.Ke4 {[%clk 0:08:07]} 36...Be7 {[%clk 0:25:32]} 37.Kd5 {[%clk
0:07:47]} 37...Kf8 {[%clk 0:25:42]} 38.g3 {[%clk 0:08:07]} 38...g5 {[%clk
0:25:40]} 39.e6 {[%clk 0:07:31]} 39...f6 {[%clk 0:19:28]} 40.Ke4 {[%clk
0:36:35]} 40...Bc5 {[%clk 0:47:04]} 41.Kf5 {[%clk 0:36:57]} 41...Ke7 {[%clk
0:46:58]} 0-1

[Event "Najdorf Memorial"]
[Site "Warsaw POL"]
[Date "2021.07.10"]
[Round "1.18"]
[White "Grochol, Kamil"]
[Black "Kaczmarek, Aleksander"]
[Result "0-1"]
[WhiteElo "1978"]
[BlackElo "2371"]
[EventDate "2021.07.10"]
[PlyCount "104"]
[LiveChessVersion "1.4.8"]

1.e4 {[%clk 1:25:28]} 1...d5 {[%clk 1:30:42]} 2.exd5 {[%clk 1:25:49]} 2...Nf6
{[%clk 1:31:07]} 3.d4 {[%clk 1:25:50]} 3...Nxd5 {[%clk 1:31:30]} 4.c4 {[%clk
1:25:45]} 4...Nb4 {[%clk 1:27:42]} 5.a3 {[%clk 1:17:34]} 5...N4c6 {[%clk
1:27:59]} 6.d5 {[%clk 1:13:01]} 6...Ne5 {[%clk 1:28:09]} 7.Bf4 {[%clk 1:12:29]}
7...Ng6 {[%clk 1:28:23]} 8.Bg3 {[%clk 1:12:22]} 8...e5 {[%clk 1:27:22]} 9.h4
{[%clk 1:04:04]} 9...h5 {[%clk 1:20:12]} 10.Be2 {[%clk 1:01:18]} 10...Nf4
{[%clk 1:15:15]} 11.Bxf4 {[%clk 0:54:06]} 11...exf4 {[%clk 1:14:52]} 12.Qd4
{[%clk 0:50:39]} 12...Qf6 {[%clk 1:15:14]} 13.Qxf6 {[%clk 0:49:44]} 13...gxf6
{[%clk 1:15:40]} 14.Nc3 {[%clk 0:49:22]} 14...Bf5 {[%clk 1:12:57]} 15.Nb5
{[%clk 0:45:17]} 15...Kd8 {[%clk 1:04:45]} 16.Nh3 {[%clk 0:42:02]} 16...Bh6
{[%clk 0:56:59]} 17.Bxh5 {[%clk 0:23:21]} 17...Re8+ {[%clk 0:55:55]} 18.Kd1
{[%clk 0:21:06]} 18...Re4 {[%clk 0:55:50]} 19.Be2 {[%clk 0:20:55]} 19...a6
{[%clk 0:52:08]} 20.Nc3 {[%clk 0:20:26]} 20...Rd4+ {[%clk 0:46:49]} 21.Ke1
{[%clk 0:20:34]} 21...f3 {[%clk 0:46:56]} 22.Bxf3 {[%clk 0:18:53]} 22...Nd7
{[%clk 0:41:08]} 23.Ng1 {[%clk 0:08:41]} 23...Ne5 {[%clk 0:35:19]} 24.Be2
{[%clk 0:08:36]} 24...Rd2 {[%clk 0:24:57]} 25.Nd1 {[%clk 0:01:39]} 25...Kd7
{[%clk 0:17:34]} 26.Nf3 {[%clk 0:00:59]} 26...Nxf3+ {[%clk 0:17:40]} 27.Bxf3
{[%clk 0:01:17]} 27...Bd3 {[%clk 0:15:53]} 28.Ne3 {[%clk 0:01:01]} 28...Rxb2
{[%clk 0:12:53]} 29.Bg4+ {[%clk 0:00:32]} 29...Kd6 30.Rc1 {[%clk 0:00:35]}
30...Bxe3 {[%clk 0:10:41]} 31.fxe3 {[%clk 0:01:03]} 31...Kc5 {[%clk 0:08:47]}
32.Bf3 {[%clk 0:00:37]} 32...Re8 {[%clk 0:08:36]} 33.h5 {[%clk 0:00:42]}
33...Rxe3+ {[%clk 0:07:30]} 34.Kd1 {[%clk 0:01:11]} 34...Be2+ {[%clk 0:06:02]}
35.Bxe2 {[%clk 0:01:37]} 35...Rexe2 {[%clk 0:06:29]} 36.Rc3 {[%clk 0:01:05]}
36...Rxg2 {[%clk 0:04:20]} 37.h6 {[%clk 0:00:41]} 37...Rh2 {[%clk 0:03:30]}
38.Rf1 {[%clk 0:00:33]} 38...Rxh6 {[%clk 0:03:32]} 39.Kc1 {[%clk 0:00:35]}
39...Ra2 {[%clk 0:03:02]} 40.Kb1 {[%clk 0:30:53]} 40...Rhh2 {[%clk 0:32:38]}
41.Rxf6 {[%clk 0:30:07]} 41...Rhb2+ {[%clk 0:33:01]} 42.Kc1 {[%clk 0:30:31]}
42...Rf2 {[%clk 0:33:28]} 43.Kb1 {[%clk 0:30:09]} 43...Rab2+ {[%clk 0:31:28]}
44.Kc1 {[%clk 0:28:26]} 44...Rxf6 {[%clk 0:28:41]} 45.Kxb2 {[%clk 0:28:46]}
45...Rf1 {[%clk 0:27:18]} 46.Kb3 {[%clk 0:26:31]} 46...f5 {[%clk 0:22:51]}
47.Ka4 {[%clk 0:22:13]} 47...Rf4 {[%clk 0:22:14]} 48.Kb3 {[%clk 0:22:17]}
48...Re4 {[%clk 0:21:22]} 49.Rf3 {[%clk 0:21:22]} 49...f4 {[%clk 0:21:36]}
50.Ka4 {[%clk 0:21:06]} 50...Kxc4 {[%clk 0:21:09]} 51.Ka5 {[%clk 0:21:21]}
51...Kxd5 {[%clk 0:21:19]} 52.a4 {[%clk 0:21:16]} 52...b6+ {[%clk 0:15:27]} 0-1

[Event "Najdorf Memorial"]
[Site "Warsaw POL"]
[Date "2021.07.10"]
[Round "1.19"]
[White "Zylka, Stanislaw"]
[Black "Kaminski, Jan"]
[Result "1-0"]
[WhiteElo "2362"]
[BlackElo "1978"]
[EventDate "2021.07.10"]
[PlyCount "59"]
[LiveChessVersion "1.4.8"]

1.d4 Nf6 2.c4 e6 3.Nf3 Bb4+ 4.Bd2 a5 5.g3 O-O 6.Bg2 d5 7.O-O Nbd7 8.Qc2 c6
9.Bf4 dxc4 10.Qxc4 Nb6 11.Qc2 Nbd5 12.Bc1 Be7 13.e4 Nb4 14.Qe2 c5 15.Rd1 Qb6
16.Nc3 cxd4 17.Nxd4 e5 18.Nf5 Bxf5 19.exf5 Nc6 20.Be3 Qc7 21.Nb5 Qc8 22.g4 Rd8
23.Rxd8+ Qxd8 24.Rd1 Qf8 25.g5 Ne8 26.Rd7 Rb8 27.Qc4 Nd6 28.Nxd6 Bxd6 29.Rxf7
Qxf7 30.Bd5 1-0